| 000 | 00563nam a2200205Ia 4500 | ||
|---|---|---|---|
| 005 | 20250508153235.0 | ||
| 008 | 008 250505s9999 xx 000 0 hin d | ||
| 037 | _aReference | ||
| 040 |
_aFEDL _beng _cFEDL |
||
| 041 |
_ahin _2eng |
||
| 084 |
_a371.2, SHA _qFEDL |
||
| 100 |
_aSharma Avdhesh _9763490 |
||
| 245 | 0 | _aVidyalaya prabandhan | |
| 260 |
_aMuzffarnagar, India _bParimal Prakashan _c1963 |
||
| 300 | _a140p. | ||
| 365 |
_aINR _b4 |
||
| 650 |
_aVidyalaya prabandhan _9763491 |
||
| 942 |
_cREF _h371.2, SHA |
||
| 999 |
_c1341462 _d1341462 |
||